000 00375nam a22001217a 4500
008 160421b xxu||||| |||| 00| 0 eng d
050 _aBC171.B3 1946
100 _aBalthasar, Hans Urs Von
_923987
245 _aWahrheit
_cHans Urs Von, Balthasar
260 _aEinsiedeln/Zurich
_bVerlagsanstalt Benziger and Company A.G.
300 _a312p.
_c; 21cm
942 _2lcc
_cMONOGRAPH
999 _c124667
_d124667